000 01681 a2200205 4500
020 _a0619035285
020 _a9780619035280
082 0 4 _a004
090 _c3545
_d3545
100 1 _aSchwalbe, Kathy.
245 1 0 _aInformation technology project management, second edition /
_cKathy Schwalbe.
250 _a2nd ed.
260 _a[S.l.] :
_bCourse Technology,
_c2001.
300 _a561 p. ;
_c26 cm.
500 _aPaperback.
520 _aEach and every recent innovation in Information Technology can be traced back to a project: the behind-the-scenes work that, when correctly managed, results in a new system, a new technology, or a new product in the marketplace. This text builds an unparalleled foundation for tomorrow’s creators and managers by providing meaningful examples of real projects—both successful and failed—and applying the lessons they teach to a sound framework in IT project management. * Applies the widely-accepted PMBOK set of standards (Project Management Body of Knowledge) to the changing field of IT. * Includes a 120-day trial version of Microsoft Project 2000 and appendix, "A Guide to Microsoft Project 2000". * Features an extensive running case that puts skills into practice using real-world data from the files of Northwest Airlines. * End-of-chapter mini cases provide extra real-world reinforcement. * Offers complete preparation for CompTIA's IT Project + Certification
856 _3Amazon.com
_uhttp://www.amazon.com/exec/obidos/ASIN/0619035285/chopaconli
856 _3Amazon customer reviews
_uhttp://www.chopac.org/cgi-bin/tools/azrev.pl?q=06190
942 _aNBS
_cBK
_k658.404 SCH
999 _c346018
_d346018